[Event "EU-ch Hybrid U12"]
[Site "Tornelo INT"]
[Date "2021.10.15"]
[Round "1"]
[White "Durovka, Marek"]
[Black "Liu, Wenle"]
[Result "1-0"]
[WhiteElo "1702"]
[BlackElo "1258"]
[PlyCount "145"]
[EventDate "2021.10.15"]
[EventType "swiss"]
[EventRounds "9"]
[EventCountry "NET"]
[SourceTitle "EXT 2023"]
[Source "ChessBase"]
[SourceDate "2022.10.05"]
[SourceVersion "1"]
[SourceVersionDate "2022.10.05"]
[SourceQuality "1"]
[WhiteTeam "Slovakia"]
[BlackTeam "Irland"]
[WhiteTeamCountry "SVK"]
[BlackTeamCountry "IRL"]

1. d4 d5 2. Nf3 Nf6 3. e3 Bf5 4. Bd3 Bxd3 5. Qxd3 Nc6 6. Nbd2 e6 7. 0-0 Bd6 8. c3 0-0 9. e4 dxe4 10. Nxe4 Be7 11. Bf4 Nd5 12. Bg3 f5 13. Nc5 Rf6 14. Nxb7 Qd7 15. Bh4 Rg6 16. Bxe7 Qxe7 17. Qd2 Rb8 18. Nc5 Rd8 19. Nd3 Qd6 20. Nde5 Nxe5 21. Nxe5 Rh6 22. f4 Nf6 23. Qe2 Ne4 24. Ng4 Rg6 25. Nf2 Nf6 26. Qe5 Qc6 27. g3 Nh5 28. Qe3 Nf6 29. Rae1 Nd5 30. Qf3 Qd6 31. Nd3 Nf6 32. Nc5 Re8 33. Re2 Nd5 34. Re5 Qb6 35. Nxe6 Nxc3 36. bxc3 Rgxe6 37. Qd5 Qd6 38. Qxd6 cxd6 39. Rxe6 Rxe6 40. Kf2 d5 41. Re1 Ra6 42. Re2 Ra3 43. Rc2 Kf7 44. Ke1 Ke6 45. Kd1 Kd6 46. Kc1 Kc6 47. Kb2 Ra5 48. Re2 Rb5+ 49. Ka1 Kd6 50. Rb2 Kc6 51. Rxb5 Kxb5 52. Kb2 Kc4 53. Kc2 h5 54. h3 g6 55. h4 a6 56. Kd2 a5 57. Kc2 Kb5 58. Kb3 a4+ 59. Kc2 Kc4 60. Kd2 Kb5 61. Kd3 a3 62. c4+ dxc4+ 63. Kc3 Kc6 64. Kxc4 Kd6 65. d5 Kd7 66. Kc5 Kc7 67. d6+ Kd7 68. Kd5 Kd8 69. Ke6 Ke8 70. d7+ Kd8 71. Kd6 g5 72. fxg5 f4 73. g6 1-0

[Event "EU Union-ch U12"]
[Site "Kouty nad Desnou"]
[Date "2021.08.20"]
[Round "7.4"]
[White "Durovka, Marek"]
[Black "Barteckova, Valerie"]
[Result "1/2-1/2"]
[WhiteElo "1619"]
[BlackElo "1294"]
[PlyCount "52"]
[EventDate "2021.08.14"]
[EventType "swiss"]
[EventRounds "9"]
[EventCountry "CZE"]
[SourceTitle "EXT 2022"]
[Source "ChessBase"]
[SourceDate "2021.10.06"]
[SourceVersion "1"]
[SourceVersionDate "2021.10.06"]
[SourceQuality "1"]

1. d4 d5 2. Nf3 Nf6 3. e3 e6 4. Bd3 c5 5. c3 Nc6 6. Nbd2 Bd6 7. 0-0 0-0 8. dxc5 Bxc5 9. e4 dxe4 10. Nxe4 Be7 11. Qe2 h6 12. Rd1 Qc7 13. Nxf6+ Bxf6 14. Qe4 Rd8 15. Be3 b6 16. Nd4 Bb7 17. Nb5 Qb8 18. Bc2 Qe5 19. Rxd8+ Nxd8 20. Qh7+ Kf8 21. a4 Bc6 22. Bd3 Qd5 23. f3 Ke7 24. Nd4 Bb7 25. Rd1 Qa2 26. b3 Rc8 1/2-1/2